|
|
|
|
| LEADER |
00000nam0a2200000 4500 |
| 001 |
47081 |
| 005 |
20231101211053.0 |
| 035 |
|
|
|a (RuTPU)RU\TPU\book\49175
|
| 090 |
|
|
|a 47081
|
| 100 |
|
|
|a 20030203d1982 km y0rusy50 ca
|
| 101 |
0 |
|
|a rus
|
| 102 |
|
|
|a RU
|
| 105 |
|
|
|a a z 001zy
|
| 200 |
1 |
|
|a Ювелирные камни
|f Н. И. Корнилов, Ю. П. Солодова
|g Под ред. Н. И. Гинзбурга
|
| 210 |
|
|
|a Москва
|c Недра
|d 1982
|
| 215 |
|
|
|a 239 с.
|c ил.
|
| 320 |
|
|
|a Библиогр.: с. 236-237
|
| 606 |
1 |
|
|a Драгоценные камни
|x Минералогия
|2 stltpush
|3 (RuTPU)RU\TPU\subj\72258
|9 85823
|
| 610 |
1 |
|
|a минералогия
|
| 610 |
1 |
|
|a ювелирные камни
|
| 610 |
1 |
|
|a цветные камни
|
| 610 |
1 |
|
|a природные ювелирные камни
|
| 610 |
1 |
|
|a синтетические ювелирные камни
|
| 675 |
|
|
|a 549.091
|v 3
|
| 700 |
|
1 |
|a Корнилов
|b Н. И.
|g Никита Иванович
|
| 701 |
|
1 |
|a Солодова
|b Ю. П.
|g Юлия Петровна
|
| 702 |
|
1 |
|a Гинзбург
|b Н. И.
|4 340
|
| 801 |
|
1 |
|a RU
|b 63413507
|c 20030203
|g PSBO
|
| 801 |
|
2 |
|a RU
|b 63413507
|c 20220802
|g PSBO
|
| 942 |
|
|
|c BK
|